ბათუმის შოთა რუსთაველის სახელმწიფო უნივერსიტეტის ბიბლიოთეკა

The scientist's guide to writing : (ბიბ.ჩანაწერი № 58238)

000 -LEADER
fixed length control field 00819cam a2200205 i 4500
001 - CONTROL NUMBER
control field 18762171
005 - DATE AND TIME OF LATEST TRANSACTION
control field 20221110130022.0
008 - FIXED-LENGTH DATA ELEMENTS--GENERAL INFORMATION
fixed length control field 150827s2016 njua b 001 0 eng
020 ## - INTERNATIONAL STANDARD BOOK NUMBER
International Standard Book Number 9780691170220x
041 ## - LANGUAGE CODE
Language code of text/sound track or separate title eng
080 ## - UNIVERSAL DECIMAL CLASSIFICATION NUMBER
Universal Decimal Classification number 37+808.066 H-43
100 1# - MAIN ENTRY--PERSONAL NAME
Personal name Heard, Stephen B.
9 (RLIN) 12566
245 14 - TITLE STATEMENT
Title The scientist's guide to writing :
Remainder of title how to write more easily and effectively throughout your scientific career /
Statement of responsibility, etc. Stephen B. Heard.
264 #1 - PRODUCTION, PUBLICATION, DISTRIBUTION, MANUFACTURE, AND COPYRIGHT NOTICE
Place of production, publication, distribution, manufacture Princeton, New Jersey :
Name of producer, publisher, distributor, manufacturer Princeton University Press,
Date of production, publication, distribution, manufacture, or copyright notice 2016.
300 ## - PHYSICAL DESCRIPTION
Extent 306 pages :
Other physical details illustrations ;
Dimensions 24 cm.
653 ## - INDEX TERM--UNCONTROLLED
keyword სახელმძღვანელო სამეცნიერო წერისთვის
653 ## - INDEX TERM--UNCONTROLLED
keyword ტექნიკური წერა
653 ## - INDEX TERM--UNCONTROLLED
keyword სამეცნიერო წერა
942 ## - ADDED ENTRY ELEMENTS (KOHA)
Source of classification or shelving scheme
Koha item type წიგნი
ეგზემპლარები
Withdrawn status Lost status Source of classification or shelving scheme Damaged status Not for loan Permanent Location Current Location Shelving location Date acquired Cost, normal purchase price Full call number Barcode Date last seen Copy number Price effective from Koha item type Public note
          ბათუმის შოთა რუსთაველის სახელმწიფო უნივერსიტეტის მთავარი ბიბლიოთეკა ბათუმის შოთა რუსთაველის სახელმწიფო უნივერსიტეტის მთავარი ბიბლიოთეკა წიგნსაცავი 2021-09-27 46.50 37+808.066 H-43 61740 2021-09-27 61740 2021-09-27 წიგნი 46 ლ. 50 თ.
          ბათუმის შოთა რუსთაველის სახელმწიფო უნივერსიტეტის მთავარი ბიბლიოთეკა ბათუმის შოთა რუსთაველის სახელმწიფო უნივერსიტეტის მთავარი ბიბლიოთეკა წიგნსაცავი 2021-09-27 46.50 37+808.066 H-43 61741 2021-09-27 61741 2021-09-27 წიგნი 46 ლ. 50 თ.